<?xml version='1.0' encoding='UTF-8'?>
  <record xmlns="http://www.loc.gov/MARC21/slim">
    <leader>00000nem a2200000 i 4500</leader>
    <controlfield tag="001">ocn980374511</controlfield>
    <controlfield tag="003">OCoLC</controlfield>
    <controlfield tag="005">20250313160832.3</controlfield>
    <controlfield tag="008">990101s1768    gw        u     0 0 ger d</controlfield>
    <datafield tag="040" ind1=" " ind2=" ">
      <subfield code="a">QGJ</subfield>
      <subfield code="b">dut</subfield>
      <subfield code="c">QGJ</subfield>
      <subfield code="d">OCLCO</subfield>
      <subfield code="d">OCLCL</subfield>
      <subfield code="d">OCLCQ</subfield>
    </datafield>
    <datafield tag="035" ind1=" " ind2=" ">
      <subfield code="a">(OCoLC)980374511</subfield>
    </datafield>
    <datafield tag="245" ind1="0" ind2="4">
      <subfield code="a">Der Venusstern tritt wieder vor die Sonne den 3. Jun. 1769 abends, auf den Leipziger Horizont /</subfield>
      <subfield code="c">calculirt von L.S. Schumacher aus Rotenburg in Francken ; J.D. Philippin st.</subfield>
    </datafield>
    <datafield tag="264" ind1=" " ind2="1">
      <subfield code="a">In Leipzig :</subfield>
      <subfield code="b">zu bekommen unter dem Rahthaus bey Herrn Köhl,</subfield>
      <subfield code="c">[1768]</subfield>
    </datafield>
    <datafield tag="300" ind1=" " ind2=" ">
      <subfield code="a">1 plano :</subfield>
      <subfield code="b">kopergrav., in kleur ;</subfield>
      <subfield code="c">37 x 32 cm</subfield>
    </datafield>
    <datafield tag="336" ind1=" " ind2=" ">
      <subfield code="a">cartographic image</subfield>
      <subfield code="b">cri</subfield>
      <subfield code="2">rdacontent</subfield>
    </datafield>
    <datafield tag="337" ind1=" " ind2=" ">
      <subfield code="a">unmediated</subfield>
      <subfield code="b">n</subfield>
      <subfield code="2">rdamedia</subfield>
    </datafield>
    <datafield tag="338" ind1=" " ind2=" ">
      <subfield code="a">sheet</subfield>
      <subfield code="b">nb</subfield>
      <subfield code="2">rdacarrier</subfield>
    </datafield>
    <datafield tag="500" ind1=" " ind2=" ">
      <subfield code="a">Op dit pamflet geeft de Duitse sterrenkundige rekenaar Christoph Siegmund Schumacher (1704-1768) de voorspelde loop aan van de planeet Venus tijdens haar passage over de zonneschijf op 3 juni 1769.</subfield>
    </datafield>
    <datafield tag="650" ind1=" " ind2="7">
      <subfield code="a">Zonnestelsel.</subfield>
      <subfield code="0">(NL-LeOCL)078969018.</subfield>
      <subfield code="2">gtt</subfield>
    </datafield>
    <datafield tag="650" ind1=" " ind2="7">
      <subfield code="a">Venus (planeet)</subfield>
      <subfield code="0">(NL-LeOCL)078938724.</subfield>
      <subfield code="2">gtt</subfield>
    </datafield>
    <datafield tag="650" ind1=" " ind2="7">
      <subfield code="a">Zon.</subfield>
      <subfield code="0">(NL-LeOCL)078968712.</subfield>
      <subfield code="2">gtt</subfield>
    </datafield>
    <datafield tag="700" ind1="1" ind2=" ">
      <subfield code="a">Schumacher, Christoph Siegmund,</subfield>
      <subfield code="d">1704-1768.</subfield>
    </datafield>
    <datafield tag="700" ind1="1" ind2=" ">
      <subfield code="a">Sysang, Johanna Dorothea,</subfield>
      <subfield code="d">1729-1791.</subfield>
      <subfield code="1">https://id.oclc.org/worldcat/entity/E39PBJrWFJd8jtvFDjhwxryGHC</subfield>
    </datafield>
    <datafield tag="758" ind1=" " ind2=" ">
      <subfield code="a">Der Venusstern tritt wieder vor die Sonne den 3. Jun. 1769 abends, auf den Leipziger Horizont (CartographicMaterial)</subfield>
      <subfield code="1">https://id.oclc.org/worldcat/entity/E39PCFM788XHMXmjjvTYGChbkC</subfield>
      <subfield code="4">https://id.oclc.org/worldcat/ontology/hasWork</subfield>
    </datafield>
    <datafield tag="856" ind1="4" ind2="1">
      <subfield code="u">http://objects.library.uu.nl/reader/resolver.php?obj=002336770&amp;type=2</subfield>
      <subfield code="x">Online</subfield>
      <subfield code="z">Map</subfield>
    </datafield>
    <datafield tag="936" ind1=" " ind2=" ">
      <subfield code="a">BATCHLOAD</subfield>
    </datafield>
  </record>